000 00515nam a2200181Ia 4500
001 23395
005 20260414150934.0
008 260414t2014||||xx |||||||||||||| ||spa||
041 _aESP
082 _a633.73
_bI59
110 _aInstituto Peruano de Evaluación, Acreditación y Certificación de la Calidad de la Educación Básica
245 0 _aNormas del rehabilitador de cafetales
_b
260 _c2014
300 _a75 páginas :
_c24 cm.
650 _aCNM
654 _aCCN
942 _cLIB
_dJUS
_fJUS
_2ddc
_n
999 _c23395
_d23395